ლოგიკა : (ბიბ.ჩანაწერი № 58570)
[ მარტივი ფორმატი ]
| 000 -ლიდერი | |
|---|---|
| ფიქსირებული სიგრძის საკონტროლო ველი | 00802nam a22001937a 4500 |
| 003 - საკონტროლო ნომრის იდენტიფიკატორი | |
| საკონტროლო ველი | Ge_BSU |
| 005 - ბოლო ოპერაციის თარიღი და დრო | |
| საკონტროლო ველი | 20220606124920.0 |
| 008 - ფიქსირებული სიგრძის მონაცემთა ელემენტები - ზოგადი ინფორმაცია | |
| ფიქსირებული სიგრძის საკონტროლო ველი | 220606s2021 ge ||||| |||| 00| 0 geo d |
| 020 ## - წიგნის საერთაშორისო სტანდარტული ნომერი | |
| International Standard Book Number | 9789941977039 |
| 041 ## - ენის კოდი | |
| Language code of text/sound track or separate title | geo |
| 080 ## - უნივერსალური ათობითი კლასიფიკაციის ინდექსი | |
| Universal Decimal Classification number | 16(075.3) თ-72 |
| 100 ## - მთავარი ჩანაწერი - პიროვნების სახელი | |
| Personal name | თომაშვილი, ნინო |
| 9 (RLIN) | 13982 |
| 245 ## - ცნობა სათაურის შესახებ | |
| Title | ლოგიკა : |
| Remainder of title | დამხმარე სახელმძღვანელო / |
| Statement of responsibility, etc | ნინო თომაშვილი; რედაქტორი ვალერიან რამიშვილი. |
| 264 ## - წარმოების, გამოცემის, დისტრიბუციის და სხვა ცნობები | |
| გამოცემის, წარმოების, დისტრიბუციის... ადგილი | თბილისი : |
| გამოცემის, წარმოების, დისტრიბუციის... სახელწოდება | Carpe diem, |
| გამოცემის, წარმოების, დისტრიბუციის... თარიღი | 2021. |
| 300 ## - ფიზიკური აღწერა | |
| Extent | 200 გვ.; |
| Other physical details | 17 სმ. |
| 653 ## - INDEX TERM--UNCONTROLLED | |
| Uncontrolled term | ლოგიგა |
| 700 ## - ADDED ENTRY--PERSONAL NAME | |
| Personal name | რამიშვილი, ვალერიან |
| Relator term | რედაქტორი |
| 9 (RLIN) | 1173 |
| 942 ## - ADDED ENTRY ELEMENTS (KOHA) | |
| Source of classification or shelving scheme | |
| Koha item type | წიგნი |
არაა ხელმისაწვდომი ეგზემპლარები.
